000 00635nam a2200217Ii 4500
003 JO-AjNU
008 230606s9999||||xx |||||||||||||| ||und||
020 _a978-981-315-898-6
040 _aJO-AjNU
_beng
_erda
_cJO-AjNU
041 _aeng
050 1 4 _aTJ230.S5 2021
100 3 _a Budynas, Richard G., J.Keith Nisbett,
_eauthor
_96342
245 0 0 _aShigley,s Mechanical Engineering Design
250 _a11 ed
264 3 1 _aUnited States: Mc Graw Hill, 2021
300 _a1095p
336 _atext
_btxt
_2rdacontent
337 _aunmediated
_bn
_2rdamedia
338 _avolume
_bnc
_2rdacarrier
650 4 _aMachine design
_96343
999 _aE3289
_c3285
_d3285